| 000 | 00792 a2200229 4500 | ||
|---|---|---|---|
| 020 | _a0201516683 | ||
| 020 | _a9780201516685 | ||
| 090 |
_c507 _d507 |
||
| 100 | 1 | _aDenton. | |
| 245 | 1 | 0 |
_aInstr man product game / _cDenton. |
| 260 |
_a[S.l.] : _bAddison Wesley Longman Publishing Co, _c1990. |
||
| 300 | _a1 v. (unpaged) | ||
| 500 | _aPaperback. | ||
| 650 | 4 | _aBusiness & Management. | |
| 650 | 4 | _aBusiness / Economics / Finance. | |
| 650 | 4 | _aBusiness & Economics / Industrial Management. | |
| 650 | 4 | _aIndustrial Management. | |
| 650 | 4 | _aManagement games. | |
| 856 | 4 | 0 |
_3Amazon.com _uhttp://www.amazon.com/exec/obidos/ASIN/0201516683/chopaconline-20 |
| 856 | 4 | 0 |
_3Amazon customer reviews _uhttp://www.chopac.org/cgi-bin/tools/azrev.pl?q=0201516683 |
| 942 |
_aNBS _cBK _k658.5 DEN |
||
| 999 |
_c343066 _d343066 |
||